[Event "MNT-ch 73rd"]
[Site "Podgorica"]
[Date "2021.05.10"]
[Round "9"]
[White "Malisic, Miroslav"]
[Black "Lazarevic, Zoran1111"]
[Result "0-1"]
[WhiteElo "1832"]
[BlackElo "1898"]
[PlyCount "86"]
[EventDate "2021.05.03"]
[EventType "swiss"]
[EventRounds "9"]
[EventCountry "MNE"]
[SourceTitle "CBM 202 Extra"]
[Source "ChessBase"]
[SourceDate "2021.07.31"]
[SourceVersion "1"]
[SourceVersionDate "2021.07.31"]
[SourceQuality "1"]

1. d4 d5 2. c4 e6 3. Nc3 Nf6 4. Bg5 Bb4 5. e3 Nbd7 6. cxd5 exd5 7. Nf3 0-0 8. Bd3 c5 9. 0-0 Bxc3 10. bxc3 c4 11. Bc2 Qa5 12. Qd2 Ne4 13. Bxe4 dxe4 14. Ne5 Nxe5 15. dxe5 Qxe5 16. Bf4 Qe6 17. Rfd1 Qg6 18. Qd5 Qe6 19. Qb5 a6 20. Qc5 b6 21. Qc7 Qf5 22. Qxb6 Be6 23. Rd4 g5 24. Bg3 h5 25. Rad1 h4 26. Bd6 Rfe8 27. Qc6 Bd7 28. Qxc4 h3 29. gxh3 Qf3 30. Kf1 Bb5 31. Qxb5 axb5 32. a3 Re6 33. Rd5 Kh7 34. R1d4 Rd8 35. Ke1 Rf6 36. Rd2 Qxh3 37. Bg3 Rxd5 38. Rxd5 Rf5 39. Rd4 Qg2 40. Kd1 Qf1+ 41. Kc2 Qa1 42. Rxe4 Qa2+ 43. Kd3 Qb1+ 0-1

[Event "MNT-ch 73rd"]
[Site "Podgorica"]
[Date "2021.05.06"]
[Round "4"]
[White "Dedeic, Huso"]
[Black "Malisic, Miroslav"]
[Result "1/2-1/2"]
[WhiteElo "1980"]
[BlackElo "1832"]
[PlyCount "128"]
[EventDate "2021.05.03"]
[EventType "swiss"]
[EventRounds "9"]
[EventCountry "MNE"]
[SourceTitle "CBM 202 Extra"]
[Source "ChessBase"]
[SourceDate "2021.07.31"]
[SourceVersion "1"]
[SourceVersionDate "2021.07.31"]
[SourceQuality "1"]

1. Nf3 Nc6 2. d4 d5 3. c4 Bf5 4. Nc3 e6 5. a3 Nf6 6. Bg5 Be7 7. e3 0-0 8. Ne5 Ne4 9. Nxc6 bxc6 10. Bxe7 Qxe7 11. Nxe4 Bxe4 12. f3 Bg6 13. c5 Rfb8 14. b3 Qg5 15. Kf2 e5 16. Bd3 exd4 17. exd4 Qh4+ 18. Kf1 Qxd4 19. Bxg6 Qxd1+ 20. Rxd1 hxg6 21. Rd3 Rb5 22. Kf2 Rxc5 23. Re1 Rb5 24. Re7 Rb7 25. f4 Kf8 26. Re1 Re8 27. Rc1 Re6 28. g4 Ke7 29. Rc5 Kd7 30. b4 Rb8 31. Ra5 Rh8 32. h3 Re4 33. Kg3 d4 34. Re5 Re8 35. Rxe8 Rxe8 36. Rxd4+ Kc8 37. Rd3 Re7 38. Kf3 Kb7 39. Rc3 Kb6 40. h4 Re6 41. h5 gxh5 42. gxh5 a5 43. bxa5+ Kxa5 44. f5 Rh6 45. Kg4 Kb5 46. Rb3+ Kc5 47. a4 Rd6 48. a5 Rd4+ 49. Kg5 Ra4 50. f6 gxf6+ 51. Kxf6 Rxa5 52. h6 Kd4 53. Rh3 c5 54. h7 Ra8 55. h8Q Rxh8 56. Rxh8 c4 57. Rh4+ Kd3 58. Rh3+ Kd2 59. Ke5 c3 60. Kd4 c5+ 61. Kxc5 c2 62. Rh2+ Kd1 63. Rh1+ Kd2 64. Rh2+ Kd1 1/2-1/2

[Event "MNT-ch 73rd"]
[Site "Podgorica"]
[Date "2021.05.03"]
[Round "1"]
[White "Malisic, Miroslav"]
[Black "Sukovic, Andrej"]
[Result "0-1"]
[WhiteElo "1832"]
[BlackElo "2254"]
[PlyCount "100"]
[EventDate "2021.05.03"]
[EventType "swiss"]
[EventRounds "9"]
[EventCountry "MNE"]
[SourceTitle "CBM 202 Extra"]
[Source "ChessBase"]
[SourceDate "2021.07.31"]
[SourceVersion "1"]
[SourceVersionDate "2021.07.31"]
[SourceQuality "1"]

1. e4 c5 2. c3 Nf6 3. e5 Nd5 4. d4 cxd4 5. cxd4 d6 6. Nf3 Nc6 7. Bc4 dxe5 8. dxe5 Ndb4 9. Qxd8+ Nxd8 10. Na3 a6 11. 0-0 b5 12. Bb3 Bb7 13. Nd4 e6 14. Rd1 Be7 15. Be3 Ndc6 16. Nxc6 Bxc6 17. Rac1 Bd5 18. Rc7 Bxb3 19. axb3 Nd5 20. Rb7 Rd8 21. Ra7 0-0 22. Rxa6 Nb4 23. Rad6 Bxd6 24. exd6 Rb8 25. Bc5 Nd5 26. b4 Rfc8 27. g3 f6 28. Nc2 Kf7 29. Ne3 Nb6 30. Ra1 Rb7 31. Ng2 Nd7 32. Rc1 Rb6 33. Rc3 Rbc6 34. Ne3 Nxc5 35. bxc5 Rxc5 36. Rd3 Rd8 37. Nd1 Rd5 38. Rxd5 exd5 39. Nc3 Rxd6 40. Nxb5 Rb6 41. Nc3 d4 42. Nd1 Ke6 43. Kf1 Kd5 44. Ke2 g5 45. Kd3 g4 46. Ke2 Ke4 47. Kd2 Kf3 48. Kd3 f5 49. b3 Rb4 50. Nb2 Rxb3+ 0-1

[Event "MNT Team Cup"]
[Site "Herceg Novi"]
[Date "2020.06.25"]
[Round "1.2"]
[White "Musovic, Armin"]
[Black "Malisic, Miroslav"]
[Result "1-0"]
[WhiteElo "2219"]
[BlackElo "1820"]
[PlyCount "77"]
[EventDate "2020.06.25"]
[EventType "team-swiss"]
[EventRounds "5"]
[EventCountry "MNE"]
[SourceTitle "EXT 2021"]
[Source "ChessBase"]
[SourceDate "2020.10.23"]
[SourceVersion "1"]
[SourceVersionDate "2020.10.23"]
[SourceQuality "1"]
[WhiteTeam "Rokada"]
[BlackTeam "Gambit"]
[WhiteTeamCountry "MNE"]
[BlackTeamCountry "MNE"]

1. e4 e5 2. Nf3 d6 3. d4 exd4 4. Bc4 Be7 5. Nxd4 Nf6 6. Nc3 0-0 7. 0-0 c6 8. h3 b5 9. Bd3 b4 10. Nce2 c5 11. Nf3 Ba6 12. Bxa6 Nxa6 13. Re1 Nc7 14. Ng3 Ne6 15. Be3 Qc7 16. Qe2 a5 17. Rad1 Rfd8 18. Ng5 Nxg5 19. Bxg5 h6 20. Bf4 Bf8 21. Nf5 Qc6 22. Qf3 Rac8 23. Qg3 Kh7 24. Qh4 Ng8 25. g4 g6 26. Nxh6 Bxh6 27. Bxh6 Nxh6 28. g5 Rh8 29. Qf4 Rcd8 30. gxh6 Rhf8 31. Qf6 Kxh6 32. e5 Qc8 33. Re4 Qxh3 34. Rh4+ Qxh4 35. Qxh4+ Kg7 36. Qf6+ Kg8 37. e6 fxe6 38. Qxg6+ Kh8 39. Rd3 1-0

[Event "MNT-chT1"]
[Site "Mojkovac"]
[Date "2016.10.08"]
[Round "8.4"]
[White "Vih, Antun"]
[Black "Malisic, Miroslav"]
[Result "1-0"]
[WhiteElo "2123"]
[BlackElo "1907"]
[PlyCount "99"]
[EventDate "2016.09.09"]
[EventType "team-tourn"]
[EventRounds "9"]
[EventCountry "MNE"]
[SourceTitle "EXT 2017"]
[Source "ChessBase"]
[SourceDate "2016.10.25"]
[SourceVersion "1"]
[SourceVersionDate "2016.10.25"]
[SourceQuality "1"]

1. Nf3 d5 2. d4 Bg4 3. Ne5 Bh5 4. c4 e6 5. cxd5 Qxd5 6. Nc3 Bb4 7. Qa4+ Nc6 8. Nxc6 Bxc3+ 9. bxc3 Qxc6 10. Qxc6+ bxc6 11. e4 Nf6 12. f3 0-0 13. Bf4 Rfb8 14. Bd3 Rb2 15. 0-0 Ne8 16. Rfb1 Rab8 17. Bc2 Rxb1+ 18. Rxb1 Rxb1+ 19. Bxb1 Nd6 20. Bd3 f6 21. c4 Bg6 22. a4 f5 23. e5 Nb7 24. Bd2 Be8 25. c5 Bd7 26. a5 Kf8 27. a6 Nd8 28. Ba5 Ke8 29. Bxc7 Bc8 30. Bb8 Kd7 31. Bxa7 Nf7 32. Bb6 Nh6 33. h4 Ng8 34. Kf2 Ne7 35. a7 Bb7 36. Bc4 h6 37. h5 Ba8 38. Ke3 Bb7 39. Kf4 Ba8 40. g4 Bb7 41. Ba5 Nc8 42. gxf5 Nxa7 43. fxe6+ Ke7 44. Bc7 Nc8 45. Bd6+ Ke8 46. Kf5 Ne7+ 47. Bxe7 Kxe7 48. Kg6 Kf8 49. f4 Bc8 50. f5 1-0

[Event "Cetinje op"]
[Site "Cetinje"]
[Date "2016.05.07"]
[Round "6"]
[White "Malisic, Miroslav"]
[Black "Popadic, Dragan"]
[Result "0-1"]
[WhiteElo "1970"]
[BlackElo "2172"]
[PlyCount "72"]
[EventDate "2016.05.04"]
[EventType "swiss"]
[EventRounds "9"]
[EventCountry "MNE"]
[SourceTitle "CBM 172 Extra"]
[Source "ChessBase"]
[SourceDate "2016.06.21"]
[SourceVersion "1"]
[SourceVersionDate "2016.06.21"]
[SourceQuality "1"]

1. e4 c5 2. c4 Nc6 3. f4 e5 4. Nf3 d6 5. d3 Nf6 6. f5 g6 7. fxg6 hxg6 8. Nc3 Nd4 9. Be2 Nxf3+ 10. Bxf3 Be7 11. Bg5 Nh7 12. Bxe7 Qxe7 13. Qd2 Be6 14. Nb5 a6 15. Qa5 0-0 16. Nc7 b6 17. Qxb6 Rab8 18. Qa7 Rfc8 19. Qxa6 Rxc7 20. Qa3 Qh4+ 21. g3 Qg5 22. 0-0 Qe3+ 23. Kg2 Ng5 24. Rae1 Bh3+ 25. Kh1 Qd4 26. Bg2 Bxg2+ 27. Kxg2 Qxb2+ 28. Qxb2 Rxb2+ 29. Rf2 Rcb7 30. Ree2 Rxe2 31. Rxe2 Rb1 32. Rd2 Kf8 33. h4 Ne6 34. Kf3 Ke7 35. Rh2 Nd4+ 36. Ke3 Re1+ 0-1